[Event "XX Festival A"]
[Site "Campobasso ITA"]
[Date "2013.08.02"]
[Round "2"]
[White "Ristic, Nenad"]
[Black "Delfino, Luigi"]
[WhiteElo "2437"]
[BlackElo "2221"]
[Result "1/2-1/2"]
[PlyCount "114"]
[EventDate "2013.08.02"]

1. e4 c5 2. c3 d5 3. exd5 Qxd5 4. d4 Nc6 5. Nf3 e5 6. Be2 cxd4 7. O-O Nf6 8.
cxd4 exd4 9. Re1 Be7 10. Na3 O-O 11. Nb5 Bb4 12. Rf1 d3 13. Qxd3 Bg4 14. Qxd5
Nxd5 15. h3 Bh5 16. Rd1 Rfd8 17. Bg5 Be7 18. Bxe7 Ncxe7 19. g4 Bg6 20. Rac1 Nf4
21. Bf1 Nc6 22. Nbd4 Be4 23. Nxc6 Rxd1 24. Rxd1 Bxf3 25. Ne7+ Kf8 26. Rd7 g6
27. Bc4 Nxh3+ 28. Kh2 Ng5 29. Nd5 Bxg4 30. Rxb7 Rc8 31. b3 Be6 32. Rxa7 Rd8 33.
Ne3 Rd2 34. Bxe6 Rxf2+ 35. Kg1 Re2 36. Bxf7 Nxf7 37. Nd5 Rd2 38. Nf4 Ne5 39.
Kf1 h5 40. Ra5 Nf3 41. Nxg6+ Kg7 42. Ne5 Nxe5 43. Rxe5 Rxa2 44. Rxh5 Rb2 45.
Rh3 Kf6 46. Re3 Rd2 47. Ke1 Rd5 48. Ke2 Re5 49. Rxe5 Kxe5 50. Kd3 Kd5 51. b4
Kc6 52. Kc4 Kb6 53. b5 Kb7 54. Kc5 Kc7 55. b6+ Kb7 56. Kb5 Kb8 57. Kc6 Kc8
1/2-1/2

[Event "XX Festival A"]
[Site "Campobasso ITA"]
[Date "2013.08.02"]
[Round "2"]
[White "Stromboli, Ettore"]
[Black "Franciosi, Fausto"]
[WhiteElo "2336"]
[BlackElo "2084"]
[Result "1-0"]
[PlyCount "75"]
[EventDate "2013.08.02"]

1. e4 e6 2. d4 d5 3. e5 c5 4. c3 Nc6 5. Be3 Qb6 6. Qd2 Nh6 7. Nf3 Nf5 8. Be2
cxd4 9. cxd4 Bd7 10. O-O Rc8 11. Nc3 Na5 12. Rac1 Bb4 13. Bd3 Ne7 14. Qe2 Nc4
15. Rc2 Bxc3 16. Rxc3 Qa5 17. a3 a6 18. Bxc4 dxc4 19. Rxc4 Rxc4 20. Qxc4 Bc6
21. Nd2 Qd5 22. Qxd5 Bxd5 23. Rc1 Kd7 24. f3 Rc8 25. Rc3 f5 26. exf6 gxf6 27.
Ne4 Ng8 28. Nc5+ Ke7 29. Kf2 Rd8 30. Ne4 Bc6 31. h4 Kf7 32. Nc5 Ne7 33. Rb3 Nf5
34. Nxb7 Rd5 35. Rb6 Bb5 36. h5 Nxe3 37. Kxe3 Rxh5 38. Nd8+ 1-0

[Event "XX Festival A"]
[Site "Campobasso ITA"]
[Date "2013.08.02"]
[Round "2"]
[White "Taurisano, Vincenzo"]
[Black "Franciosi, Claudio"]
[WhiteElo "1945"]
[BlackElo "1727"]
[Result "1-0"]
[PlyCount "29"]
[EventDate "2013.08.02"]

1. d4 Nf6 2. c4 e6 3. Nf3 b6 4. Nc3 Bb4 5. Bg5 Bb7 6. e3 O-O 7. Bd3 c5 8. O-O
cxd4 9. exd4 Be7 10. Re1 d5 11. Qe2 Re8 12. Bxf6 Bxf6 13. cxd5 Bxd5 14. Nxd5
Qxd5 15. Be4 1-0

[Event "XX Festival A"]
[Site "Campobasso ITA"]
[Date "2013.08.02"]
[Round "2"]
[White "Vena, Alessio"]
[Black "Santeramo, Domenico"]
[WhiteElo "1918"]
[BlackElo "2059"]
[Result "1-0"]
[PlyCount "59"]
[EventDate "2013.08.02"]

1. d3 d5 2. Nd2 c5 3. e4 e6 4. Ngf3 Nc6 5. g3 Bd6 6. Bg2 Nge7 7. O-O O-O 8. Nh4
d4 9. f4 f6 10. f5 e5 11. Ndf3 Bd7 12. g4 b5 13. g5 Kh8 14. g6 Be8 15. Ng5 fxg5
16. Bxg5 Qc7 17. Qh5 Nxg6 18. fxg6 h6 19. Bxh6 gxh6 20. Nf5 Rxf5 21. Qxh6+ Kg8
22. exf5 Qg7 23. Bd5+ Kf8 24. Qxg7+ Kxg7 25. f6+ Kxg6 26. Rf3 Bd7 27. Kf2 Kh5
28. Rg1 Kh4 29. Rg7 Rd8 30. Rfg3 1-0

[Event "XX Festival A"]
[Site "Campobasso ITA"]
[Date "2013.08.02"]
[Round "2"]
[White "Vuelban, Virgilio"]
[Black "Ambrosone, Antonio"]
[WhiteElo "2301"]
[BlackElo "1901"]
[Result "1/2-1/2"]
[PlyCount "25"]
[EventDate "2013.08.02"]

1. e4 Nf6 2. Nc3 d5 3. exd5 Nxd5 4. Bc4 c6 5. Qf3 e6 6. Nge2 Be7 7. d4 O-O 8.
Ne4 Nd7 9. Bd2 c5 10. Qb3 N5b6 11. O-O-O cxd4 12. Bf4 Nxc4 13. Qxc4 1/2-1/2

[Event "XX Festival A"]
[Site "Campobasso ITA"]
[Date "2013.08.03"]
[Round "3"]
[White "Aleksic, Nenad"]
[Black "Altini, Nicola"]
[WhiteElo "2357"]
[BlackElo "2347"]
[Result "1/2-1/2"]
[PlyCount "27"]
[EventDate "2013.08.02"]

1. e4 c5 2. Nf3 g6 3. d4 cxd4 4. Nxd4 Nc6 5. Nc3 Bg7 6. Be3 Nf6 7. Bc4 O-O 8.
O-O Nxe4 9. Bxf7+ Rxf7 10. Nxe4 Bxd4 11. Bxd4 d5 12. Ng3 e5 13. Be3 d4 14. Bd2
1/2-1/2

[Event "XX Festival A"]
[Site "Campobasso ITA"]
[Date "2013.08.03"]
[Round "3"]
[White "Ambrosone, Antonio"]
[Black "Buiano, Fabio"]
[WhiteElo "1901"]
[BlackElo "2025"]
[Result "1/2-1/2"]
[PlyCount "112"]
[EventDate "2013.08.02"]

1. e4 c5 2. a3 g6 3. b4 Bg7 4. Nc3 cxb4 5. axb4 d6 6. Bc4 Nf6 7. Rb1 O-O 8. Nf3
Nxe4 9. Nxe4 d5 10. Bd3 dxe4 11. Bxe4 e5 12. c4 Qc7 13. d3 Nc6 14. b5 Ne7 15.
Ba3 Rd8 16. Qa4 Bg4 17. Bb4 Bxf3 18. Bxf3 Rxd3 19. Bxe7 Qxe7 20. Bd5 e4 21. O-O
Kh8 22. Rfe1 f5 23. Rbd1 Rxd1 24. Rxd1 e3 25. fxe3 Qxe3+ 26. Kh1 Re8 27. Qb4
Bc3 28. Qb1 b6 29. Qc1 Bd2 30. Qb2+ Bc3 31. Qc1 Qxc1 32. Rxc1 Kg7 33. h3 Bd4
34. Rd1 Bc5 35. Ra1 Re7 36. Kh2 Kf6 37. Rd1 g5 38. Bf3 Kg6 39. Rd8 Re1 40. Rd1
Re3 41. Rd8 Re7 42. Rg8+ Kf6 43. Rd8 Ke5 44. Kg3 Bd6 45. Kf2 Bc5+ 46. Kg3 Bd6
47. Kf2 Rc7 48. Bd5 Bc5+ 49. Kf3 h5 50. Rh8 g4+ 51. Ke2 Kf4 52. Rxh5 Re7+ 53.
Kd2 Bb4+ 54. Kc2 Bc5 55. hxg4 fxg4 56. Rh6 Re3 1/2-1/2

[Event "XX Festival A"]
[Site "Campobasso ITA"]
[Date "2013.08.03"]
[Round "3"]
[White "Baltzopoulos, Giorgos"]
[Black "Petruccioli, Antonio"]
[WhiteElo "1950"]
[BlackElo "2087"]
[Result "0-1"]
[PlyCount "106"]
[EventDate "2013.08.02"]

1. d4 Nf6 2. c4 g6 3. Nc3 Bg7 4. e4 d6 5. Be2 O-O 6. Nf3 c6 7. O-O Qc7 8. Rb1
a5 9. Be3 Ng4 10. Bd2 e5 11. d5 f5 12. Ne1 Nf6 13. f3 Nbd7 14. a3 fxe4 15. fxe4
Nc5 16. Bf3 b5 17. b4 axb4 18. axb4 Na4 19. Nxa4 Rxa4 20. Be3 Bd7 21. c5 cxd5
22. cxd6 Qb7 23. Nd3 dxe4 24. Nc5 Qc6 25. Qb3+ Kh8 26. Be2 Raa8 27. Rfd1 Bg4
28. Bxg4 Nxg4 29. d7 Rad8 30. Ne6 Nxe3 31. Nxd8 Rxd8 32. Qxe3 Rxd7 33. Rxd7
Qxd7 34. Qxe4 Qa7+ 35. Kh1 Bf6 36. Rf1 Kg7 37. Qc6 Qe7 38. Qxb5 e4 39. Rd1 Kh6
40. Rd7 Qe6 41. Qd5 Qa6 42. b5 Qa4 43. Qd2+ Bg5 44. Qe2 e3 45. Rd1 Qb4 46. Kg1
Qb3 47. g3 Be7 48. Qd3 Qe6 49. Re1 Bc5 50. Re2 Qe5 51. Qb1 Bb6 52. Qb2 Qxb2 53.
Rxb2 e2+ 0-1

[Event "XX Festival A"]
[Site "Campobasso ITA"]
[Date "2013.08.03"]
[Round "3"]
[White "Chiaretti, Roberto"]
[Black "Dragojlovic, Andjelko"]
[WhiteElo "2212"]
[BlackElo "2349"]
[Result "0-1"]
[PlyCount "72"]
[EventDate "2013.08.02"]

1. e4 c5 2. Nf3 g6 3. d4 cxd4 4. Nxd4 Bg7 5. Nc3 Nc6 6. Nb3 Nf6 7. Be2 O-O 8.
O-O a5 9. a4 Nb4 10. Bf3 d6 11. Be3 Nd7 12. Be2 b6 13. Rb1 Bb7 14. Nd5 Nc5 15.
Bb5 e6 16. Nxb4 axb4 17. Nxc5 bxc5 18. f3 Qc7 19. Qe2 d5 20. exd5 exd5 21. b3
Be5 22. g3 Bc6 23. Bxc6 Qxc6 24. f4 Bc3 25. Qf3 Rae8 26. Bf2 f5 27. Rbd1 Re4
28. Rd3 Rfe8 29. Rfd1 d4 30. h3 Qe6 31. Rf1 h5 32. Rdd1 Re7 33. h4 Kg7 34. Qd3
Re2 35. Rc1 Qc6 36. Qc4 R7e3 0-1

[Event "XX Festival A"]
[Site "Campobasso ITA"]
[Date "2013.08.03"]
[Round "3"]
[White "Cipollaro, Giovanni"]
[Black "Ljubisavljevic, Zivojin Z."]
[WhiteElo "1913"]
[BlackElo "2219"]
[Result "0-1"]
[PlyCount "158"]
[EventDate "2013.08.02"]

1. Nf3 d5 2. c4 dxc4 3. Qa4+ Nd7 4. g3 c6 5. Qxc4 e6 6. Bg2 Ngf6 7. O-O Be7 8.
d4 O-O 9. Nc3 a5 10. e4 Qb6 11. a3 Qa6 12. Qxa6 Rxa6 13. Rd1 b5 14. Bf1 Ra8 15.
d5 exd5 16. exd5 Nc5 17. Nd4 cxd5 18. Bxb5 Bb7 19. Nf5 Bd8 20. Bf4 Nb3 21. Rab1
Bc8 22. Nd4 Nxd4 23. Rxd4 Bb6 24. Rdd1 Bg4 25. Be2 Bxe2 26. Nxe2 Ne4 27. Be3
Bxe3 28. fxe3 Rfd8 29. Nf4 Nf6 30. Rd4 g5 31. Ne2 Rab8 32. Nc3 h6 33. Ra4 Rdc8
34. Ne2 Rc2 35. Nd4 Rbxb2 36. Rxb2 Rxb2 37. Nf5 Kh7 38. Rxa5 Ng4 39. h4 Rd2 40.
hxg5 hxg5 41. Rb5 Nf6 42. Rb6 Ne4 43. Rh6+ Kg8 44. Rh2 Rd1+ 45. Kg2 Ra1 46. Kf3
Nf6 47. Rc2 Rxa3 48. Rc6 Nd7 49. Rd6 Ne5+ 50. Ke2 Ra2+ 51. Kf1 Ng4 52. Rxd5 Kh7
53. Ke1 Kg6 54. e4 f6 55. Rd7 Ne5 56. Rg7+ Kh5 57. Ne3 Ra4 58. Nd5 Rxe4+ 59.
Kf2 Ng4+ 60. Kf3 f5 61. Rg8 Re5 62. Nb6 Re3+ 63. Kg2 Re2+ 64. Kf1 Re6 65. Nd5
Ne3+ 66. Nxe3 Rxe3 67. Kf2 Rb3 68. Rc8 Kg4 69. Rc4+ Kh3 70. Rc5 Rb2+ 71. Kf1
Kg4 72. Rc3 Kh3 73. Rf3 g4 74. Rxf5 Kxg3 75. Rf8 Rb1+ 76. Ke2 Kg2 77. Rg8 g3
78. Rg7 Rb8 79. Re7 Rh8 0-1

[Event "XX Festival A"]
[Site "Campobasso ITA"]
[Date "2013.08.03"]
[Round "3"]
[White "Cocchia, Umberto"]
[Black "Chicco, Giancarlo"]
[WhiteElo "1883"]
[BlackElo "1562"]
[Result "1-0"]
[PlyCount "59"]
[EventDate "2013.08.02"]

1. e4 b6 2. d4 Bb7 3. Nc3 g6 4. Nf3 Bg7 5. Be3 e6 6. Qd2 d6 7. Bd3 Ne7 8. O-O-O
Nd7 9. Bh6 O-O 10. Bxg7 Kxg7 11. h4 h5 12. Ng5 a6 13. g4 Nf6 14. gxh5 Nxh5 15.
Rhg1 b5 16. Be2 Rh8 17. Bxh5 Rxh5 18. Qf4 Qe8 19. Ne2 Ng8 20. Ng3 Rh6 21. h5
Nf6 22. hxg6 fxg6 23. Rh1 Nh5 24. Nxh5+ gxh5 25. Rdg1 Rg6 26. Rxh5 Qg8 27. Rgh1
Rf8 28. Rh7+ Qxh7 29. Rxh7+ Kg8 30. Rh8+ 1-0

[Event "XX Festival A"]
[Site "Campobasso ITA"]
[Date "2013.08.03"]
[Round "3"]
[White "Delfino, Luigi"]
[Black "Lazic, Miroljub"]
[WhiteElo "2221"]
[BlackElo "2457"]
[Result "0-1"]
[PlyCount "106"]
[EventDate "2013.08.02"]

1. e4 d6 2. d4 Nf6 3. Nc3 e5 4. Nf3 Nbd7 5. Bc4 Be7 6. O-O O-O 7. Re1 c6 8. a4
a5 9. h3 exd4 10. Qxd4 Nc5 11. Bf4 Ne8 12. Rad1 Ne6 13. Bxe6 fxe6 14. Qe3 Qc7
15. e5 d5 16. Ne2 Qd8 17. h4 Nc7 18. Bg5 Na6 19. Nf4 Bd7 20. Bxe7 Qxe7 21. Ng5
Nc5 22. Rd4 Be8 23. Nd3 Nxd3 24. Qxd3 Bg6 25. Qd1 h6 26. Nh3 c5 27. Rf4 Bf5 28.
Re3 Bxh3 29. Rxf8+ Rxf8 30. Rxh3 Rf4 31. c3 Qf7 32. Rf3 Rxf3 33. gxf3 Qf4 34.
Qb3 Qxf3 35. Qxb7 Kh7 36. Qc6 Qg4+ 37. Kf1 d4 38. cxd4 cxd4 39. Qc2+ Kg8 40.
Ke1 Kf7 41. Qc7+ Kg6 42. Kd2 Qxh4 43. Qxa5 Qxf2+ 44. Kc1 h5 45. Qb5 Qe1+ 46.
Kc2 Qe4+ 47. Kd2 Qf4+ 48. Kd1 Qg4+ 49. Ke1 h4 50. a5 h3 51. Qd3+ Kh6 52. Qd2+
g5 53. Qb4 Qe4+ 0-1

[Event "XX Festival A"]
[Site "Campobasso ITA"]
[Date "2013.08.03"]
[Round "3"]
[White "Donati, Michele"]
[Black "Santeramo, Domenico"]
[WhiteElo "1809"]
[BlackElo "2059"]
[Result "0-1"]
[PlyCount "56"]
[EventDate "2013.08.02"]

1. d4 d5 2. c4 e6 3. Nc3 Nf6 4. cxd5 exd5 5. Bg5 Be7 6. e3 c6 7. Qc2 O-O 8. Bd3
Nbd7 9. Nge2 Re8 10. O-O Nf8 11. f3 Nh5 12. Bxe7 Qxe7 13. e4 dxe4 14. fxe4 Qg5
15. e5 c5 16. Ne4 Qe3+ 17. Kh1 cxd4 18. Rf3 Qh6 19. Nd6 Be6 20. Raf1 Re7 21.
Nxd4 Ng6 22. N4f5 Qg5 23. Nxe7+ Nxe7 24. Bxh7+ Kh8 25. Nxf7+ Bxf7 26. Rxf7 Ng3+
27. hxg3 Qh6+ 28. Kg1 Qxh7 0-1

[Event "XX Festival A"]
[Site "Campobasso ITA"]
[Date "2013.08.03"]
[Round "3"]
[White "Foglia, Maurizio"]
[Black "Ciampi, Vincenzo"]
[WhiteElo "2113"]
[BlackElo "2123"]
[Result "1-0"]
[PlyCount "65"]
[EventDate "2013.08.02"]

1. c4 b6 2. Nc3 Bb7 3. d4 e6 4. Nf3 Bb4 5. g3 Nf6 6. Bg2 O-O 7. O-O c5 8. d5
Bxc3 9. bxc3 d6 10. dxe6 fxe6 11. Bg5 Qe7 12. Qd3 Nc6 13. e4 Rad8 14. Nd2 h6
15. Bxf6 Rxf6 16. f4 e5 17. f5 Na5 18. Rf2 Kh8 19. Bf1 Rff8 20. Qe3 Bc6 21. Bd3
Be8 22. Raf1 Qf6 23. g4 Bf7 24. Qg3 Bg8 25. h4 g5 26. fxg6 Qg7 27. h5 Rxf2 28.
Rxf2 Rf8 29. Rxf8 Qxf8 30. g5 Nc6 31. Qe3 hxg5 32. Qxg5 Qf4 33. g7+ 1-0

[Event "XX Festival A"]
[Site "Campobasso ITA"]
[Date "2013.08.03"]
[Round "3"]
[White "Franciosi, Claudio"]
[Black "D'Aquino, Ugo"]
[WhiteElo "1727"]
[BlackElo "1889"]
[Result "0-1"]
[PlyCount "72"]
[EventDate "2013.08.02"]

1. e4 c5 2. Nf3 d6 3. d4 cxd4 4. Nxd4 Nf6 5. Nc3 g6 6. Be3 Bg7 7. Bc4 O-O 8. f3
Nc6 9. Qd2 Nd7 10. O-O-O Nb6 11. Bb3 Na5 12. h4 Nbc4 13. Bxc4 Nxc4 14. Qe2 Nxe3
15. Qxe3 Bd7 16. h5 Rc8 17. hxg6 fxg6 18. f4 e5 19. fxe5 Bxe5 20. Nce2 Qb6 21.
g3 Bg4 22. Rh2 Rf7 23. c3 Rc4 24. Kb1 Ra4 25. Qd3 Bxd4 26. cxd4 Rf3 27. Qc2
Rfa3 28. Nc1 Rb4 29. Rd3 Rxd3 30. Nxd3 Rxd4 31. Nf2 Be6 32. Nd1 Rxe4 33. b3 Bf5
34. Kc1 Ra4 35. Qe2 Qc5+ 36. Kd2 Re4 0-1

[Event "XX Festival A"]
[Site "Campobasso ITA"]
[Date "2013.08.03"]
[Round "3"]
[White "Laketic, Gojko"]
[Black "Bontempi, Piero"]
[WhiteElo "2419"]
[BlackElo "2376"]
[Result "1-0"]
[PlyCount "57"]
[EventDate "2013.08.02"]

1. d4 d5 2. c4 e5 3. dxe5 d4 4. Nf3 Nc6 5. a3 Nge7 6. b4 Bg4 7. Bb2 Ng6 8. Nxd4
Ngxe5 9. Nxc6 Qxd1+ 10. Kxd1 Nxc6 11. f3 O-O-O+ 12. Kc2 Bh5 13. Nd2 Nd4+ 14.
Bxd4 Rxd4 15. e4 Be7 16. Nb3 Rd6 17. c5 Rh6 18. Rd1 c6 19. Bc4 g5 20. Nd4 Bg6
21. h3 Kc7 22. Rhe1 a5 23. Nf5 Bxf5 24. exf5 Bf8 25. Bxf7 axb4 26. axb4 b6 27.
Re8 Bg7 28. Re7+ Kb8 29. Rdd7 1-0

[Event "XX Festival A"]
[Site "Campobasso ITA"]
[Date "2013.08.03"]
[Round "3"]
[White "Lombardi, Vincenzo Angelo"]
[Black "Vuelban, Virgilio"]
[WhiteElo "1920"]
[BlackElo "2301"]
[Result "0-1"]
[PlyCount "73"]
[EventDate "2013.08.02"]

1. e4 c5 2. Nc3 Nc6 3. g3 g6 4. Bg2 Bg7 5. d3 Nf6 6. Be3 d6 7. h3 O-O 8. Nge2
Rb8 9. a4 a6 10. O-O b5 11. axb5 axb5 12. Qd2 b4 13. Nd1 Bb7 14. f4 Nd7 15. g4
Nd4 16. Ng3 b3 17. c3 Nc2 18. Rb1 e5 19. f5 Nxe3 20. Qxe3 Bf6 21. c4 Bg5 22.
Qf2 Ra8 23. Nc3 Nb8 24. Nge2 Nc6 25. Kh1 Nb4 26. Qf3 Nc2 27. Nc1 Nd4 28. Qf2
Bh4 29. Qe3 Kg7 30. N1e2 Bc6 31. Ng1 Bg5 32. Qf2 Ra7 33. Nf3 h6 34. Nxg5 Qxg5
35. h4 Qxg4 36. fxg6 fxg6 37. Qg1 0-1

[Event "XX Festival A"]
[Site "Campobasso ITA"]
[Date "2013.08.03"]
[Round "3"]
[White "Naumkin, Igor"]
[Black "Stromboli, Ettore"]
[WhiteElo "2445"]
[BlackElo "2336"]
[Result "1-0"]
[PlyCount "24"]
[EventDate "2013.08.02"]

1. d4 b5 2. e4 Bb7 3. Bxb5 Bxe4 4. Nf3 Nf6 5. O-O e6 6. c4 Be7 7. Nc3 Bb7 8.
Re1 O-O 9. Ba4 c5 10. d5 exd5 11. cxd5 d6 12. Qe2 Nxd5 1-0

[Event "XX Festival A"]
[Site "Campobasso ITA"]
[Date "2013.08.03"]
[Round "3"]
[White "Piro, Valerio"]
[Black "Lazov, Stefan"]
[WhiteElo "2030"]
[BlackElo "1798"]
[Result "0-1"]
[PlyCount "104"]
[EventDate "2013.08.02"]

1. e4 d6 2. d4 Nf6 3. Bd3 g6 4. Nf3 Bg7 5. O-O O-O 6. c3 Nc6 7. h3 Re8 8. Be3
e5 9. d5 Ne7 10. c4 Nh5 11. Nc3 h6 12. Qd2 Kh7 13. g4 Nf6 14. Kg2 g5 15. Ng1
Ng6 16. f3 Nf4+ 17. Kg3 Rh8 18. Nge2 Kg8 19. Rh1 Ng6 20. b4 Nd7 21. c5 Bf8 22.
Na4 Qf6 23. Rac1 Nh4 24. Rhf1 dxc5 25. bxc5 c6 26. Bc4 Ng6 27. Kh2 Nf4 28. Ng3
Qg6 29. Nf5 h5 30. Bxf4 exf4 31. Kg2 Ne5 32. d6 Be6 33. Nb2 Rd8 34. Qa5 Rd7 35.
Qxa7 hxg4 36. hxg4 Bxc4 37. Rh1 Rxh1 38. Rxh1 Qe6 39. Qb8 Ng6 40. Rh5 Ba6 41.
Nh6+ Kg7 42. Nf5+ Kf6 43. Qc8 Qxa2 44. Qxd7 Qxb2+ 45. Kg1 Qc1+ 46. Kg2 Qd2+ 47.
Kg1 Qe1+ 48. Kh2 Qf2+ 49. Kh1 Qxf3+ 50. Kh2 Bf1 51. Qd8+ Be7 52. e5+ Kxe5 0-1

[Event "XX Festival A"]
[Site "Campobasso ITA"]
[Date "2013.08.03"]
[Round "3"]
[White "Radice, Mario"]
[Black "Palladino, Andrea"]
[WhiteElo "1910"]
[BlackElo "1965"]
[Result "0-1"]
[PlyCount "74"]
[EventDate "2013.08.02"]

1. e4 e5 2. Nf3 Nc6 3. Bb5 a6 4. Bxc6 dxc6 5. O-O Qd6 6. d4 exd4 7. Nxd4 Bd7 8.
Be3 O-O-O 9. Nc3 Nh6 10. h3 Be7 11. Qf3 g5 12. g4 Qg6 13. Rfd1 f6 14. Rd2 Kb8
15. Rad1 Nf7 16. Nf5 Ne5 17. Qe2 Bxf5 18. Rxd8+ Bxd8 19. exf5 Qf7 20. a4 h5 21.
gxh5 Be7 22. Bxg5 Rxh5 23. h4 Bd6 24. f4 Nc4 25. Bxf6 Rxf5 26. Bg5 Bxf4 27. Rf1
Bxg5 28. Rxf5 Qxf5 29. hxg5 Qxg5+ 30. Kf2 Nxb2 31. Qe8+ Ka7 32. Qe3+ Qxe3+ 33.
Kxe3 Kb6 34. Kd4 Ka5 35. Ne4 Nxa4 36. Ke5 Kb5 37. Ke6 Nc5+ 0-1

[Event "XX Festival A"]
[Site "Campobasso ITA"]
[Date "2013.08.03"]
[Round "3"]
[White "Stromboli, Carlo"]
[Black "Ristic, Nenad"]
[WhiteElo "2328"]
[BlackElo "2437"]
[Result "0-1"]
[PlyCount "96"]
[EventDate "2013.08.02"]

1. e4 c5 2. Nf3 d6 3. d4 cxd4 4. Nxd4 Nf6 5. Nc3 g6 6. Bg5 Bg7 7. Bb5+ Bd7 8.
Qe2 O-O 9. O-O-O a6 10. Bc4 Nc6 11. Kb1 Qa5 12. h4 h6 13. Nb3 Qd8 14. Bxf6 Bxf6
15. Nd5 Bg7 16. f4 b5 17. Bd3 e6 18. Ne3 Qf6 19. e5 Qxf4 20. exd6 Qe5 21. c3 b4
22. Nc4 Qxe2 23. Bxe2 bxc3 24. Nb6 c2+ 25. Kxc2 Ra7 26. Nc5 Nb8 27. a4 Bc6 28.
Bf3 Rd8 29. Rd2 a5 30. h5 Bxf3 31. gxf3 Nc6 32. hxg6 Nd4+ 33. Rxd4 Bxd4 34.
gxf7+ Kxf7 35. Rxh6 Bxc5 36. Rh7+ Kf6 37. Rxa7 Bxb6 38. Ra6 Rxd6 39. Ra8 Rd5
40. Rf8+ Ke7 41. Rb8 Bc5 42. Rh8 Rf5 43. Rh3 Rf4 44. b3 Kd6 45. Kd3 Kd5 46. Kc3
e5 47. Kd3 Rxf3+ 48. Kc2 Rxh3 0-1

[Event "XX Festival A"]
[Site "Campobasso ITA"]
[Date "2013.08.03"]
[Round "3"]
[White "Vena, Alessio"]
[Black "Mininni, Saverio"]
[WhiteElo "1918"]
[BlackElo "1491"]
[Result "1-0"]
[PlyCount "61"]
[EventDate "2013.08.02"]

1. e4 e5 2. Nc3 Nf6 3. Bc4 c6 4. d4 Nxe4 5. dxe5 Nxc3 6. Qf3 Nd5 7. Nh3 h6 8.
Be3 Qe7 9. O-O-O Nxe3 10. fxe3 b5 11. Bb3 g6 12. Rhf1 Rh7 13. Nf4 Na6 14. e6 d5
15. Nxd5 cxd5 16. Qxd5 Nc7 17. Qc6+ Bd7 18. Rxd7 f5 19. Rxe7+ Kxe7 20. Qxc7+
Kf6 21. e7 Rxe7 22. Qc6+ Kg5 23. Qxa8 Bg7 24. h4+ Kxh4 25. Qd8 Bf6 26. Qf8 Kg5
27. Rf3 Re4 28. Rg3+ Rg4 29. Qd6 h5 30. Qf4+ Kh4 31. Rh3# 1-0

[Event "XX Festival A"]
[Site "Campobasso ITA"]
[Date "2013.08.03"]
[Round "3"]
[White "Zinnai, Graziano Matteo"]
[Black "Grasso, Nino"]
[WhiteElo "2021"]
[BlackElo "2038"]
[Result "1-0"]
[PlyCount "65"]
[EventDate "2013.08.02"]

1. e4 e5 2. Nf3 Nc6 3. Bb5 a6 4. Ba4 Nf6 5. O-O Be7 6. Re1 b5 7. Bb3 O-O 8. c3
d5 9. exd5 Nxd5 10. Nxe5 Nxe5 11. Rxe5 c6 12. d3 Bd6 13. Re1 Qh4 14. g3 Qh3 15.
Re4 Nf6 16. Rh4 Qf5 17. Bc2 Re8 18. d4 Qd5 19. Be3 g5 20. Rh6 Kg7 21. Rxf6 Kxf6
22. Qh5 Rxe3 23. fxe3 c5 24. e4 Qc6 25. e5+ Bxe5 26. dxe5+ Kxe5 27. Qxg5+ f5
28. Nd2 Be6 29. Be4 Qb6 30. Nf3+ Kd6 31. Rd1+ Kc7 32. Qe7+ Kc8 33. Rd6 1-0

[Event "XX Festival A"]
[Site "Campobasso ITA"]
[Date "2013.08.03"]
[Round "4"]
[White "Bontempi, Piero"]
[Black "Delfino, Luigi"]
[WhiteElo "2376"]
[BlackElo "2221"]
[Result "1/2-1/2"]
[PlyCount "61"]
[EventDate "2013.08.02"]

1. e4 c5 2. Nf3 Nc6 3. b3 e5 4. Bc4 g6 5. d3 Bg7 6. Ng5 Nh6 7. Nc3 Nd4 8. O-O
O-O 9. h3 Kh8 10. a4 Ne6 11. Nf3 Nf4 12. Nd5 g5 13. Nh2 d6 14. Bb2 Be6 15. Ne3
Qf6 16. Nd5 Bxd5 17. Bxd5 Nxd5 18. exd5 Qg6 19. Ng4 Nf5 20. c4 a5 21. Qe2 Rae8
22. Rae1 h5 23. Nh2 Ne7 24. Qd2 b6 25. Bc1 Bh6 26. Qe2 Nf5 27. Bb2 Kh7 28. Qe4
Ne7 29. Qxg6+ Nxg6 30. g3 f5 31. Re2 1/2-1/2

[Event "XX Festival A"]
[Site "Campobasso ITA"]
[Date "2013.08.03"]
[Round "4"]
[White "Buiano, Fabio"]
[Black "Cocchia, Umberto"]
[WhiteElo "2025"]
[BlackElo "1883"]
[Result "1-0"]
[PlyCount "39"]
[EventDate "2013.08.02"]

1. e4 d5 2. exd5 Nf6 3. d4 Nxd5 4. Nf3 g6 5. c4 Nb6 6. Bf4 Bg7 7. Be5 f6 8. Bf4
O-O 9. Nc3 Nc6 10. Be3 Bg4 11. Be2 Kh8 12. Qd2 f5 13. d5 Bxf3 14. gxf3 Ne5 15.
b3 f4 16. Bd4 a5 17. h4 c5 18. Bxc5 Rc8 19. Bd4 h6 20. Ne4 1-0

[Event "XX Festival A"]
[Site "Campobasso ITA"]
[Date "2013.08.03"]
[Round "4"]
[White "D'Aquino, Ugo"]
[Black "Baltzopoulos, Giorgos"]
[WhiteElo "1889"]
[BlackElo "1950"]
[Result "1-0"]
[PlyCount "75"]
[EventDate "2013.08.02"]

1. e4 c5 2. Nf3 d6 3. d4 cxd4 4. Nxd4 Nf6 5. Nc3 a6 6. g3 e5 7. Nde2 Be6 8. Bg2
Nbd7 9. O-O Rc8 10. h3 h5 11. Bg5 Qc7 12. f4 b5 13. Kh1 Be7 14. b3 b4 15. Nd5
Bxd5 16. exd5 Nb6 17. Rc1 Qb7 18. fxe5 Ng4 19. Bf4 g5 20. exd6 gxf4 21. dxe7
Qxe7 22. Qd4 Rh6 23. Nxf4 Ne5 24. Rfe1 Nbd7 25. Nd3 f6 26. Nxb4 Rg6 27. Qf4 Rc3
28. Nd3 Qg7 29. Re3 Kd8 30. Nxe5 Rxg3 31. Rxg3 Rxg3 32. Nc6+ Kc8 33. Re1 Ne5
34. Nxe5 Rxg2 35. Qc4+ Kb7 36. Qc6+ Ka7 37. Nd7 Rd2 38. Qc7+ 1-0

[Event "XX Festival A"]
[Site "Campobasso ITA"]
[Date "2013.08.03"]
[Round "4"]
[White "Dragojlovic, Andjelko"]
[Black "Aleksic, Nenad"]
[WhiteElo "2349"]
[BlackElo "2357"]
[Result "0-1"]
[PlyCount "38"]
[EventDate "2013.08.02"]

1. Nf3 Nf6 2. g3 b6 3. Bg2 Bb7 4. O-O e6 5. d3 d5 6. Nbd2 c5 7. e4 Nc6 8. Re1
Be7 9. e5 Nd7 10. Nf1 g5 11. h3 h5 12. N1h2 Rg8 13. g4 h4 14. c3 Qc7 15. d4
O-O-O 16. dxc5 bxc5 17. Qe2 Ndxe5 18. Nxe5 Nxe5 19. Qxe5 Bd6 0-1

[Event "XX Festival A"]
[Site "Campobasso ITA"]
[Date "2013.08.03"]
[Round "4"]
[White "Grasso, Nino"]
[Black "Ambrosone, Antonio"]
[WhiteElo "2038"]
[BlackElo "1901"]
[Result "0-1"]
[PlyCount "114"]
[EventDate "2013.08.02"]

1. e4 Nf6 2. e5 Nd5 3. c4 Nb6 4. d4 d6 5. exd6 exd6 6. Nc3 Be7 7. Be3 Nc6 8. d5
Ne5 9. Be2 O-O 10. b3 f5 11. f4 Ng6 12. Nf3 Bf6 13. Rc1 Re8 14. Qd2 Qe7 15. Kf2
Nd7 16. Rhe1 Bxc3 17. Qxc3 Nf6 18. Nd2 Bd7 19. Bf3 Ne4+ 20. Nxe4 fxe4 21. Bd4
Qh4+ 22. g3 Qxh2+ 23. Bg2 Bh3 24. Rg1 Re7 25. a4 Nxf4 26. gxf4 Qxf4+ 27. Bf3
Qxf3+ 28. Qxf3 exf3 29. Kxf3 g6 30. Kg3 Bf5 31. Rh1 a6 32. b4 Re4 33. Ba1 Rae8
34. b5 Re3+ 35. Kf2 Bg4 36. Rce1 Rxe1 37. Rxe1 Rxe1 38. Kxe1 Kf7 39. Kf2 Bd1
40. a5 Bb3 41. bxa6 bxa6 42. c5 dxc5 43. Be5 Bxd5 44. Bxc7 g5 45. Kg3 h5 46.
Bd8 Kg6 47. Bb6 c4 48. Bd4 h4+ 49. Kg4 Be6+ 50. Kf3 Kf5 51. Bc3 g4+ 52. Kg2
Bd5+ 53. Kh2 Kf4 54. Bf6 g3+ 55. Kh3 Be6+ 56. Kxh4 g2 57. Bd4 c3 0-1

[Event "XX Festival A"]
[Site "Campobasso ITA"]
[Date "2013.08.03"]
[Round "4"]
[White "Lazic, Miroljub"]
[Black "Naumkin, Igor"]
[WhiteElo "2457"]
[BlackElo "2445"]
[Result "1/2-1/2"]
[PlyCount "45"]
[EventDate "2013.08.02"]

1. g3 e5 2. c4 Nf6 3. Bg2 Nc6 4. Nc3 Bb4 5. d3 O-O 6. e4 d6 7. Nge2 Bc5 8. h3
a6 9. O-O b5 10. b3 bxc4 11. bxc4 Rb8 12. Kh2 Nd4 13. Bd2 Bd7 14. Nxd4 Bxd4 15.
Qc2 h5 16. f3 h4 17. g4 Nh7 18. Rab1 Rxb1 19. Rxb1 Ng5 20. Ne2 Ne6 21. Nxd4
Nxd4 22. Qd1 Qf6 23. Be3 1/2-1/2